[Event "71st RUS-ch Higher League 2018"]
[Site "Yaroslavl"]
[Date "2018.06.30"]
[Round "5"]
[White "Rakhmanov, Aleksandr"]
[Black "Inarkiev, Ernesto"]
[Result "1/2-1/2"]
[WhiteElo "2627"]
[BlackElo "2684"]
[Annotator "TA"]
[PlyCount "88"]
[EventDate "2018.06.26"]
[EventType "swiss"]
[EventCountry "RUS"]
[SourceTitle "playchess.com"]
[Source "ChessBase"]
[SourceQuality "1"]

{[%evp 10,88,7,10,29,25,28,29,33,30,35,-9,-10,-16,-16,-12,-11,-25,-35,-18,-20,-43,-43,-66,-65,-98,-90,-100,-50,-63,-81,-76,-16,-20,-17,-33,0,0,0,0,0,0,0,0,0,0,41,47,32,32,48,-3,0,0,0,0,0,0,0,0,0,0,2,2,2,0,0,0,0,0,0,0,0,0,0,0,0,0,0,0,0]} 1. Nf3 d5 2. b3 c5 3. e3 a6 4. Bb2 Nc6 5. g3 (5. d4 cxd4 6. Nxd4 Nf6 7. Nxc6 bxc6 8. Nd2 e6 9. Bd3 Be7 10. O-O O-O 11. c4 a5 12. Qc2 h6 13. Nf3 Ba6 {1-0 (91) Nakamura,H (2792)-Caruana,F (2807) Saint Louis 2017}) 5... Nf6 6. Bg2 {LiveBook: 5 Games. A06: Réti Opening:1 Nf3 d5} g6 7. Ne5 Nxe5 8. Bxe5 {White has an edge.} Bg7 9. Nc3 $146 ({Predecessor:} 9. O-O O-O 10. d4 Qa5 11. dxc5 Qxc5 12. Nc3 Bg4 {½-½ (33) Wang,C (2524)-Xu,J (2526) Zaozhuang 2015}) 9... O-O 10. Bxf6 Bxf6 11. Bxd5 Ra7 12. Bg2 b5 13. Rb1 Bxc3 14. dxc3 Qa5 {[#] aiming for ...Rd7.} 15. b4 Qa3 16. Rb3 Qxa2 17. bxc5 Be6 18. Rb4 a5 {[%mdl 1024] Black has strong compensation.} 19. Rd4 $1 ({Much worse is} 19. Rxb5 Rd7 $17) 19... Qa3 20. c6 Bc4 (20... a4 $17) 21. f4 $1 $11 e5 22. fxe5 Qxc3+ 23. Qd2 $1 {[%cal Rd2c3]} Qb2 24. Kf2 $36 {[%mdl 2048] Black is under pressure.} a4 25. c3 Qxd2+ 26. Rxd2 a3 27. Ra1 a2 28. Bd5 Bxd5 29. Rxd5 $14 {[%mdl 4096] Endgame KRR-KRR} Rc8 30. Rc5 (30. Rd7 $14 Rcc7 31. Kf3) 30... Ra6 {The position is equal.} 31. Rxb5 Rcxc6 32. Rb2 Rxc3 {Strongly threatening ...Rca3.} 33. Raxa2 Rxa2 34. Rxa2 $11 {KR-KR} Rc5 35. e6 Rf5+ 36. Ke2 fxe6 37. Ra6 Rh5 38. h4 Kf7 39. Ra7+ Kf6 40. Rb7 h6 41. Rh7 Ra5 42. g4 h5 43. Kf3 hxg4+ 44. Kxg4 Ra4+ {Precision: White = 68%, Black = 79%.} 1/2-1/2

[Event "71st RUS-ch Higher League 2018"]
[Site "Yaroslavl"]
[Date "2018.06.30"]
[Round "5"]
[White "Alekseenko, Kirill"]
[Black "Lomasov, Semen"]
[Result "1-0"]
[WhiteElo "2621"]
[BlackElo "2549"]
[Annotator "ChessBase"]
[PlyCount "49"]
[EventDate "2018.06.26"]
[EventType "swiss"]
[EventCountry "RUS"]
[SourceTitle "playchess.com"]
[Source "ChessBase"]
[SourceQuality "1"]
[TimeControl "40/5400+30:1800+30"]

1. e4 {[%emt 0:00:00]} e6 {[%emt 0:00:00]} 2. d4 {[%emt 0:00:03]} d5 {[%emt 0:00:00]} 3. Nd2 {[%emt 0:00:13]} c5 {[%emt 0:00:00]} 4. exd5 {[%emt 0:00:30]} Qxd5 {[%emt 0:00:00]} 5. Ngf3 {[%emt 0:00:19]} cxd4 {[%emt 0:00:04]} 6. Bc4 {[%emt 0:00:27]} Qd7 {[%emt 0:00:06]} 7. O-O {[%emt 0:01:38]} Nc6 {[%emt 0:00:06]} 8. Nb3 {[%emt 0:01:22]} Nf6 {[%emt 0:00:09]} 9. Nbxd4 {[%emt 0:01:16]} Nxd4 {[%emt 0:00:21]} 10. Nxd4 {[%emt 0:00:09]} a6 {[%emt 0:00:06]} 11. Re1 {[%emt 0:01:08]} b5 {[%emt 0:00:55]} 12. Bb3 {[%emt 0:07:04]} Bb7 {[%emt 0:00:35]} 13. c3 {[%emt 0:01:46]} Bc5 {[%emt 0:06:04]} 14. Bf4 {[%emt 0:08:14]} Bxd4 {[%emt 0:10:31]} 15. cxd4 {[%emt 0:01:51]} Bd5 {[%emt 0:00:48]} 16. Be5 {[%emt 0:04:39]} Rc8 {[%emt 0:31:51]} 17. Qd2 {[%emt 0:14:15]} Qb7 {[%emt 0:14:21]} 18. Qg5 {[%emt 0:02:35]} Bxb3 {[%emt 0:00:33]} 19. axb3 {[%emt 0:00:31]} h6 {[%emt 0:00:36]} 20. Qg3 {[%emt 0:00:59]} Nh5 {[%emt 0:03:23]} 21. Qh4 {[%emt 0:06:59]} Nf6 {[%emt 0:01:52]} 22. Bxf6 {[%emt 0:00:10]} gxf6 {[%emt 0:00:05]} 23. Qxf6 {[%emt 0:00:10]} Rg8 {[%emt 0:00:12]} 24. g3 {[%emt 0:00:15]} h5 {[%emt 0:02:32]} 25. Qf5 {[%emt 0:01:36]} 1-0

[Event "71st RUS-ch Higher League 2018"]
[Site "Yaroslavl"]
[Date "2018.06.30"]
[Round "5"]
[White "Predke, Alexandr"]
[Black "Goryachkina, Aleksandra"]
[Result "1/2-1/2"]
[WhiteElo "2613"]
[BlackElo "2505"]
[Annotator "ChessBase"]
[PlyCount "71"]
[EventDate "2018.06.26"]
[EventType "swiss"]
[EventCountry "RUS"]
[SourceTitle "playchess.com"]
[Source "ChessBase"]
[SourceQuality "1"]
[TimeControl "40/5400+30:1800+30"]

1. e4 {[%emt 0:00:00]} e6 {[%emt 0:00:00]} 2. d4 {[%emt 0:00:00]} d5 {[%emt 0:00:00]} 3. Nc3 {[%emt 0:00:01]} Nf6 {[%emt 0:00:00]} 4. e5 {[%emt 0:00:07]} Nfd7 {[%emt 0:00:12]} 5. f4 {[%emt 0:00:07]} c5 {[%emt 0:00:05]} 6. Nf3 {[%emt 0:00:06]} Nc6 {[%emt 0:00:08]} 7. Be3 {[%emt 0:00:09]} a6 {[%emt 0:00:30]} 8. Qd2 {[%emt 0:01:24]} b5 {[%emt 0:00:35]} 9. a3 {[%emt 0:00:10]} Qa5 {[%emt 0:01:43]} 10. Be2 {[%emt 0:00:34]} b4 {[%emt 0:01:55]} 11. Nb1 {[%emt 0:00:26]} c4 {[%emt 0:07:05]} 12. c3 {[%emt 0:00:38]} b3 {[%emt 0:03:41]} 13. O-O {[%emt 0:02:08]} Nb6 {[%emt 0:01:57]} 14. Qc1 {[%emt 0:06:25]} Bd7 {[%emt 0:02:02]} 15. Nbd2 {[%emt 0:01:32]} Be7 {[%emt 0:01:14]} 16. Bf2 {[%emt 0:00:42]} O-O-O {[%emt 0:08:14]} 17. Bh4 {[%emt 0:01:35]} h6 {[%emt 0:02:34]} 18. Bxe7 {[%emt 0:04:29]} Nxe7 {[%emt 0:00:06]} 19. Rf2 {[%emt 0:00:44]} Ba4 {[%emt 0:13:36]} 20. Nf1 {[%emt 0:01:13]} Qb5 {[%emt 0:00:23]} 21. g4 {[%emt 0:06:43]} f5 {[%emt 0:07:16]} 22. exf6 {[%emt 0:05:12]} gxf6 {[%emt 0:00:09]} 23. Qe3 {[%emt 0:00:51]} Qd7 {[%emt 0:02:00]} 24. Ng3 {[%emt 0:01:38]} h5 {[%emt 0:10:15]} 25. Nxh5 {[%emt 0:03:27]} Rxh5 {[%emt 0:01:47]} 26. gxh5 {[%emt 0:00:12]} Nf5 {[%emt 0:00:22]} 27. Qd2 {[%emt 0:02:22]} Qh7 {[%emt 0:00:45]} 28. Rg2 {[%emt 0:10:25]} Be8 {[%emt 0:01:16]} 29. Re1 {[%emt 0:00:53]} Bxh5 {[%emt 0:02:46]} 30. Bd1 {[%emt 0:01:45]} Bf7 {[%emt 0:01:23]} 31. Qe2 {[%emt 0:07:58]} Kb7 {[%emt 0:01:10]} 32. Nd2 {[%emt 0:00:58]} Nh4 {[%emt 0:10:36]} 33. Rg3 {[%emt 0:00:09]} Nf5 {[%emt 0:00:36]} 34. Rg2 {[%emt 0:00:07]} Nh4 {[%emt 0:00:09]} 35. Rg3 {[%emt 0:00:44]} Nf5 {[%emt 0:00:17]} 36. Rg2 {[%emt 0:00:04]} 1/2-1/2

[Event "71st RUS-ch Higher League 2018"]
[Site "Yaroslavl"]
[Date "2018.06.30"]
[Round "5"]
[White "Popov, Ivan"]
[Black "Motylev, Alexander"]
[Result "1/2-1/2"]
[WhiteElo "2609"]
[BlackElo "2659"]
[Annotator "ChessBase"]
[PlyCount "81"]
[EventDate "2018.06.26"]
[EventType "swiss"]
[EventCountry "RUS"]
[SourceTitle "playchess.com"]
[Source "ChessBase"]
[SourceQuality "1"]
[TimeControl "40/5400+30:1800+30"]

1. e4 {[%emt 0:00:00]} e5 {[%emt 0:00:00]} 2. Nf3 {[%emt 0:00:00]} Nc6 {[%emt 0:00:00]} 3. d4 {[%emt 0:03:09]} exd4 {[%emt 0:00:24]} 4. Nxd4 {[%emt 0:00:06]} Nf6 {[%emt 0:00:05]} 5. Nc3 {[%emt 0:01:15]} Bb4 {[%emt 0:00:49]} 6. Nxc6 {[%emt 0:00:10]} bxc6 {[%emt 0:00:09]} 7. Bd3 {[%emt 0:00:08]} d5 {[%emt 0:01:19]} 8. exd5 {[%emt 0:00:09]} O-O {[%emt 0:00:57]} 9. O-O {[%emt 0:00:08]} Bg4 {[%emt 0:01:01]} 10. f3 {[%emt 0:03:56]} Bh5 {[%emt 0:00:43]} 11. Bg5 {[%emt 0:15:31]} cxd5 {[%emt 0:05:57]} 12. Nxd5 {[%emt 0:12:45]} Qxd5 {[%emt 0:04:06]} 13. Bxf6 {[%emt 0:00:07]} Qc5+ {[%emt 0:00:56]} 14. Kh1 {[%emt 0:00:07]} gxf6 {[%emt 0:01:02]} 15. a3 {[%emt 0:00:06]} Ba5 {[%emt 0:03:43]} 16. b4 {[%emt 0:00:07]} Bxb4 {[%emt 0:00:37]} 17. axb4 {[%emt 0:00:05]} Qxb4 {[%emt 0:00:11]} 18. Ra6 {[%emt 0:00:40]} Qc3 {[%emt 0:07:40]} 19. Qa1 {[%emt 0:04:37]} Qxa1 {[%emt 0:01:33]} 20. Rfxa1 {[%emt 0:00:06]} Bg6 {[%emt 0:01:40]} 21. Rxa7 {[%emt 0:02:36]} Rxa7 {[%emt 0:02:12]} 22. Rxa7 {[%emt 0:00:05]} Bxd3 {[%emt 0:07:42]} 23. cxd3 {[%emt 0:00:10]} Rb8 {[%emt 0:00:48]} 24. g4 {[%emt 0:04:25]} Rb3 {[%emt 0:01:18]} 25. Rxc7 {[%emt 0:00:06]} Rxd3 {[%emt 0:00:08]} 26. Kg2 {[%emt 0:00:03]} Kg7 {[%emt 0:00:24]} 27. Kg3 {[%emt 0:00:06]} h6 {[%emt 0:00:31]} 28. h4 {[%emt 0:00:06]} Rd4 {[%emt 0:00:19]} 29. Rc5 {[%emt 0:00:11]} Rb4 {[%emt 0:00:09]} 30. g5 {[%emt 0:00:22]} fxg5 {[%emt 0:00:10]} 31. hxg5 {[%emt 0:00:03]} hxg5 {[%emt 0:00:06]} 32. Rxg5+ {[%emt 0:00:02]} Kf6 {[%emt 0:00:06]} 33. Rg4 {[%emt 0:00:05]} Rb3 {[%emt 0:00:20]} 34. Rf4+ {[%emt 0:00:07]} Kg6 {[%emt 0:00:05]} 35. Rg4+ {[%emt 0:00:05]} Kf6 {[%emt 0:00:03]} 36. Ra4 {[%emt 0:00:06]} Kg6 {[%emt 0:00:09]} 37. Kg4 {[%emt 0:00:08]} Rb1 {[%emt 0:00:12]} 38. Ra6+ {[%emt 0:00:09]} f6 {[%emt 0:00:05]} 39. Ra4 {[%emt 0:00:04]} Rg1+ {[%emt 0:00:12]} 40. Kf4 {[%emt 0:00:00]} Rb1 {[%emt 0:00:00]} 41. Ke4 1/2-1/2

[Event "71st RUS-ch Higher League 2018"]
[Site "Yaroslavl"]
[Date "2018.06.30"]
[Round "5"]
[White "Turov, Maxim"]
[Black "Gaifullin, Artur"]
[Result "0-1"]
[WhiteElo "2600"]
[BlackElo "2448"]
[Annotator "ChessBase"]
[PlyCount "42"]
[EventDate "2018.06.26"]
[EventType "swiss"]
[EventCountry "RUS"]
[SourceTitle "playchess.com"]
[Source "ChessBase"]
[SourceQuality "1"]
[TimeControl "40/5400+30:1800+30"]

1. e4 {[%emt 0:00:00]} c6 {[%emt 0:00:00]} 2. d4 {[%emt 0:00:00]} d5 {[%emt 0:00:00]} 3. e5 {[%emt 0:00:00]} Bf5 {[%emt 0:00:00]} 4. Nf3 {[%emt 0:00:00]} e6 {[%emt 0:00:00]} 5. Be2 {[%emt 0:00:00]} Nd7 {[%emt 0:00:28]} 6. O-O {[%emt 0:00:52]} h6 {[%emt 0:00:07]} 7. Nbd2 {[%emt 0:00:37]} Ne7 {[%emt 0:00:14]} 8. c3 {[%emt 0:00:23]} g5 {[%emt 0:00:32]} 9. Re1 {[%emt 0:00:16]} Bg6 {[%emt 0:11:37]} 10. Nf1 {[%emt 0:03:14]} Nf5 {[%emt 0:00:21]} 11. Ng3 {[%emt 0:13:05]} g4 {[%emt 0:11:44]} 12. Nd2 {[%emt 0:00:09]} Nxg3 {[%emt 0:00:05]} 13. fxg3 {[%emt 0:00:03]} Qb6 {[%emt 0:06:49]} 14. Bxg4 {[%emt 0:08:17]} h5 {[%emt 0:00:05]} 15. Bf3 {[%emt 0:01:13]} c5 {[%emt 0:08:04]} 16. c4 {[%emt 0:08:19]} cxd4 {[%emt 0:08:15]} 17. cxd5 {[%emt 0:00:09]} Bc2 {[%emt 0:00:41]} 18. dxe6 {[%emt 0:21:20]} d3+ {[%emt 0:01:38]} 19. Kh1 {[%emt 0:00:06]} Qxe6 {[%emt 0:00:10]} 20. Bxb7 {[%emt 0:00:25]} Bxd1 {[%emt 0:00:13]} 21. Bxa8 {[%emt 0:00:05]} Be2 {[%emt 0:00:25]} 0-1

[Event "71st RUS-ch Higher League 2018"]
[Site "Yaroslavl"]
[Date "2018.06.30"]
[Round "5"]
[White "Oparin, Grigoriy"]
[Black "Matlakov, Maxim"]
[Result "1/2-1/2"]
[WhiteElo "2587"]
[BlackElo "2699"]
[Annotator "TA"]
[PlyCount "81"]
[EventDate "2018.06.26"]
[EventType "swiss"]
[EventCountry "RUS"]
[SourceTitle "playchess.com"]
[Source "ChessBase"]
[SourceQuality "1"]

{[%evp 21,81,14,17,0,0,0,0,0,0,0,0,-8,0,-43,0,-35,-42,-59,-52,-58,-52,-44,-14,-14,-19,-18,-13,-12,-10,-26,-19,-19,-22,-49,-3,-3,0,0,0,0,0,0,0,0,0,0,0,0,0,0,0,0,0,0,0,0,0,0,0,0,0,0]} 1. Nf3 d5 2. c4 e6 3. g3 Nf6 4. Bg2 d4 5. O-O c5 6. e3 Nc6 7. exd4 cxd4 8. d3 Bd6 {A13: English Opening: 1...e6} (8... Be7 9. b3 O-O 10. Na3 e5 11. Nc2 Nd7 12. a3 a5 13. Rb1 Nc5 14. b4 axb4 15. axb4 Na4 16. Bd2 {0-1 (47) Wei,Y (2739)-Karjakin,S (2760) Medias 2017}) 9. Bg5 h6 10. Bxf6 Qxf6 11. Nbd2 Qe7 {LiveBook: 31 Games} 12. Rc1 O-O 13. Re1 Rd8 $146 {[%cal Bf8d8,Bd8d5,Bd5b5][%mdl 32]} ({Predecessor:} 13... a5 14. a3 Rd8 15. Qc2 a4 16. c5 {½-½ (42) Babic,D (2463)-Jasinski,M (2424) ICCF email 2016}) 14. Qc2 a5 15. c5 Bc7 16. a3 a4 17. Nc4 Rd5 18. Nb6 Bxb6 $1 19. cxb6 Rb5 $1 20. Qc4 Rxb2 21. Nxd4 Rxb6 (21... Qf6 {keeps more tension.} 22. Rc2 Rxb6 23. Nxc6 bxc6 24. Bxc6 Ba6) 22. Nxc6 bxc6 23. Bxc6 Bb7 24. Bxb7 $1 Rxb7 25. Rc3 Rb2 26. Rec1 Qf6 27. R3c2 Rxc2 (27... Rb3 {with more complications.} 28. Qe4 Rd8 29. Qxa4 Rdxd3 30. Qa8+ Kh7) 28. Qxc2 $15 {[%mdl 4096] Endgame KQR-KQR. The position is equal.} Ra5 29. Qc3 Qf5 30. Qd4 Rd5 31. Qxa4 Rxd3 32. Qb4 Qf3 33. a4 Ra3 34. h4 Kh7 35. Qd4 f6 36. Re1 e5 37. Qe4+ Qxe4 38. Rxe4 h5 39. Rb4 Kg6 40. Kg2 Kf5 41. Rb7 {Precision: White = 82%, Black = 64%.} 1/2-1/2

[Event "71st RUS-ch Higher League 2018"]
[Site "Yaroslavl"]
[Date "2018.06.30"]
[Round "5"]
[White "Goganov, Aleksey"]
[Black "Najer, Evgeniy"]
[Result "1/2-1/2"]
[WhiteElo "2576"]
[BlackElo "2668"]
[Annotator "TA"]
[PlyCount "99"]
[EventDate "2018.06.26"]
[EventType "swiss"]
[EventCountry "RUS"]
[SourceTitle "playchess.com"]
[Source "ChessBase"]
[SourceQuality "1"]

{[%evp 20,99,11,19,18,0,9,10,6,0,10,7,20,30,39,31,35,5,6,12,8,0,0,0,0,0,0,0,38,41,39,39,71,24,53,9,70,77,88,76,44,51,125,125,125,118,124,92,124,117,135,118,129,94,94,94,93,91,93,93,127,128,124,83,129,119,143,58,68,0,0,0,0,0,0,0,0,0,0,0,0,0]} 1. e4 c5 2. Nf3 d6 3. d4 cxd4 4. Nxd4 Nf6 5. Nc3 a6 6. g3 e5 7. Nde2 Nbd7 8. Bg2 b5 9. Nd5 {B91: Sizilianisch (Najdorf-Variante mit 6.g3)} Nxd5 10. Qxd5 Nb6 11. Qd3 {LiveBook: 5 Partien} Be7 (11... Be6 12. O-O Rc8 13. b3 Be7 14. Be3 O-O 15. a4 bxa4 16. Qxa6 Nd7 17. Qxa4 Rxc2 {½-½ (81) Nguyen,N (2662)-Le,Q (2699) Al Ain 2015}) 12. b3 O-O 13. O-O Qc7 14. Be3 Bb7 15. Rfc1 $146 ({Vorgänger:} 15. Rac1 Rac8 16. Bh3 Rb8 17. Rfd1 d5 18. Bxb6 Qxb6 19. exd5 {1-0 (19) Koziol,P (1549)-Turner,L (1292) LSS email 2011}) 15... Bc6 16. Nc3 Rfc8 17. Bh3 Rcb8 18. Nd5 Nxd5 19. exd5 Bd7 20. Bxd7 Qxd7 21. c4 f5 22. c5 $36 {[%mdl 2048] Weiss hat gut koordiniertes Spiel.} dxc5 23. Bxc5 Bf6 24. Rab1 e4 25. Qd2 Rb7 26. Bb4 Be5 27. Rc6 {Droht Tbc1.} Re8 (27... Rd8 $11) 28. Rxa6 $14 f4 29. d6 e3 30. Qd5+ ({Bloß nicht} 30. fxe3 fxe3 31. Qd5+ (31. Qxe3 Bxd6 32. Qd4 Bxb4 $11) 31... Qf7 $16) 30... Qf7 (30... Kh8 $1 $14) 31. Qxf7+ $16 Rxf7 32. fxe3 fxe3 33. Rf1 Rd7 34. Kg2 h5 35. Rc6 Re6 36. Re1 Bxd6 37. Rxd6 Rdxd6 38. Bxd6 Rxd6 {[%mdl 4096] Endspiel KT-KT} 39. Kf3 Kf7 40. Rxe3 Kf6 41. Re2 Rd1 42. Ke4 Kg5 43. Ke5 ({Besser ist} 43. a3 $16) 43... h4 $1 $14 44. Rg2 (44. gxh4+ $14 Kxh4 45. Kf5) 44... h3 $11 {Die Stellung ist ausgeglichen.} 45. Rf2 g6 46. Ke4 Kh5 47. Ke3 g5 48. Rd2 Rc1 49. Kf3 Rc3+ 50. Kf2 {Precision: Weiß = 56%, Schwarz = 50%.} 1/2-1/2

[Event "71st RUS-ch Higher League 2018"]
[Site "Yaroslavl"]
[Date "2018.06.30"]
[Round "5"]
[White "Sarana, Alexey"]
[Black "Timofeev, Artyom"]
[Result "1-0"]
[WhiteElo "2573"]
[BlackElo "2583"]
[Annotator "ChessBase"]
[PlyCount "163"]
[EventDate "2018.06.26"]
[EventType "swiss"]
[EventCountry "RUS"]
[SourceTitle "playchess.com"]
[Source "ChessBase"]
[SourceQuality "1"]
[TimeControl "40/5400+30:1800+30"]

1. e4 {[%emt 0:00:00]} e5 {[%emt 0:00:00]} 2. Nf3 {[%emt 0:00:00]} Nc6 {[%emt 0:00:00]} 3. Bb5 {[%emt 0:00:24]} Nf6 {[%emt 0:00:00]} 4. O-O {[%emt 0:03:14]} Nxe4 {[%emt 0:00:18]} 5. Re1 {[%emt 0:03:13]} Nd6 {[%emt 0:00:47]} 6. Nxe5 {[%emt 0:00:15]} Be7 {[%emt 0:00:10]} 7. Bf1 {[%emt 0:00:25]} Nxe5 {[%emt 0:00:41]} 8. Rxe5 {[%emt 0:00:44]} O-O {[%emt 0:00:10]} 9. d4 {[%emt 0:00:48]} Bf6 {[%emt 0:00:39]} 10. Re1 {[%emt 0:02:10]} Nf5 {[%emt 0:01:38]} 11. c3 {[%emt 0:00:27]} d5 {[%emt 0:02:06]} 12. Nd2 {[%emt 0:00:25]} Re8 {[%emt 0:04:05]} 13. Rxe8+ {[%emt 0:00:57]} Qxe8 {[%emt 0:00:08]} 14. Nf3 {[%emt 0:00:06]} Nh4 {[%emt 0:04:29]} 15. Nxh4 {[%emt 0:04:00]} Bxh4 {[%emt 0:00:06]} 16. Bf4 {[%emt 0:01:04]} c6 {[%emt 0:02:34]} 17. Bd3 {[%emt 0:00:21]} Bf6 {[%emt 0:02:39]} 18. Qb3 {[%emt 0:03:01]} Qe7 {[%emt 0:01:25]} 19. h3 {[%emt 0:00:52]} Be6 {[%emt 0:06:12]} 20. a4 {[%emt 0:00:45]} a5 {[%emt 0:01:32]} 21. Qb6 {[%emt 0:04:49]} Qd7 {[%emt 0:01:13]} 22. Qc7 {[%emt 0:00:14]} Bd8 {[%emt 0:04:26]} 23. Qxd7 {[%emt 0:00:11]} Bxd7 {[%emt 0:00:05]} 24. Bd6 {[%emt 0:00:09]} f5 {[%emt 0:06:29]} 25. f4 {[%emt 0:02:22]} Kf7 {[%emt 0:01:02]} 26. Kf2 {[%emt 0:00:17]} g6 {[%emt 0:02:53]} 27. Re1 {[%emt 0:00:50]} Be6 {[%emt 0:01:16]} 28. Kf3 {[%emt 0:00:14]} h5 {[%emt 0:00:38]} 29. g3 {[%emt 0:01:12]} Bb6 {[%emt 0:04:18]} 30. Rb1 {[%emt 0:00:35]} Bd8 {[%emt 0:00:52]} 31. Be5 {[%emt 0:00:14]} Ra7 {[%emt 0:04:10]} 32. b3 {[%emt 0:00:32]} Ra8 {[%emt 0:00:43]} 33. Bc2 {[%emt 0:02:50]} Bd7 {[%emt 0:08:46]} 34. c4 {[%emt 0:03:55]} Be7 {[%emt 0:03:43]} 35. c5 {[%emt 0:02:49]} Bd8 {[%emt 0:00:12]} 36. Bd3 {[%emt 0:01:07]} Ra7 {[%emt 0:01:02]} 37. Be2 {[%emt 0:01:20]} Ra8 {[%emt 0:02:49]} 38. Ke3 {[%emt 0:00:42]} Be6 {[%emt 0:03:17]} 39. Rh1 {[%emt 0:02:23]} Bf6 {[%emt 0:09:27]} 40. Bxf6 {[%emt 0:00:00]} Kxf6 {[%emt 0:00:00]} 41. Rb1 {[%emt 0:15:06]} Ke7 {[%emt 0:03:33]} 42. b4 {[%emt 0:02:28]} axb4 {[%emt 0:00:19]} 43. Rxb4 {[%emt 0:00:01]} Bc8 {[%emt 0:00:07]} 44. Kd2 {[%emt 0:04:14]} Kd8 {[%emt 0:00:43]} 45. Bd1 {[%emt 0:00:04]} Kc7 {[%emt 0:00:19]} 46. Bc2 {[%emt 0:00:12]} Bd7 {[%emt 0:08:12]} 47. Rb1 {[%emt 0:01:01]} Re8 {[%emt 0:01:06]} 48. Ra1 {[%emt 0:01:10]} Rh8 {[%emt 0:01:46]} 49. Re1 {[%emt 0:00:31]} h4 {[%emt 0:03:40]} 50. Rg1 {[%emt 0:00:42]} hxg3 {[%emt 0:00:10]} 51. Rxg3 {[%emt 0:00:04]} Rh4 {[%emt 0:00:20]} 52. Rf3 {[%emt 0:04:27]} b6 {[%emt 0:12:09]} 53. Kc3 {[%emt 0:05:05]} bxc5 {[%emt 0:10:08]} 54. dxc5 {[%emt 0:00:01]} Rh8 {[%emt 0:00:05]} 55. Kd4 {[%emt 0:02:35]} Rb8 {[%emt 0:00:57]} 56. Rb3 {[%emt 0:00:06]} Re8 {[%emt 0:00:09]} 57. Bd3 {[%emt 0:00:58]} Ra8 {[%emt 0:02:52]} 58. Ra3 {[%emt 0:00:29]} Ra5 {[%emt 0:00:30]} 59. Ra1 {[%emt 0:00:36]} Bc8 {[%emt 0:00:45]} 60. Kc3 {[%emt 0:01:43]} Kb8 {[%emt 0:00:36]} 61. Kd4 {[%emt 0:03:07]} Ra7 {[%emt 0:03:26]} 62. a5 {[%emt 0:05:45]} Rh7 {[%emt 0:00:07]} 63. Rb1+ {[%emt 0:05:25]} Ka7 {[%emt 0:02:47]} 64. Rb6 {[%emt 0:01:57]} Bd7 {[%emt 0:00:11]} 65. a6 {[%emt 0:04:49]} Be8 {[%emt 0:00:04]} 66. Rb2 {[%emt 0:01:03]} Ka8 {[%emt 0:00:44]} 67. Rb1 {[%emt 0:03:06]} Rh4 {[%emt 0:00:44]} 68. Ke5 {[%emt 0:12:33]} Rxh3 {[%emt 0:00:10]} 69. Bf1 {[%emt 0:00:05]} Rf3 {[%emt 0:02:33]} 70. Re1 {[%emt 0:01:29]} d4 {[%emt 0:00:54]} 71. Kd6 {[%emt 0:06:55]} Bf7 {[%emt 0:00:08]} 72. Bg2 {[%emt 0:06:07]} Bd5 {[%emt 0:00:07]} 73. Rd1 {[%emt 0:00:19]} g5 {[%emt 0:01:50]} 74. fxg5 {[%emt 0:02:10]} Rg3 {[%emt 0:03:36]} 75. Bxd5 {[%emt 0:00:14]} cxd5 {[%emt 0:00:04]} 76. c6 {[%emt 0:00:08]} Rxg5 {[%emt 0:00:05]} 77. c7 {[%emt 0:00:09]} Rg6+ {[%emt 0:00:48]} 78. Kd7 {[%emt 0:00:05]} Rg7+ {[%emt 0:00:06]} 79. Kc6 {[%emt 0:00:03]} Rg8 {[%emt 0:01:41]} 80. Rxd4 {[%emt 0:00:06]} Ka7 {[%emt 0:00:05]} 81. Rxd5 {[%emt 0:00:05]} Kxa6 {[%emt 0:00:43]} 82. Rd8 {[%emt 0:00:06]} 1-0